| 000 | 00359 a2200157 4500 | ||
|---|---|---|---|
| 001 | 147731 | ||
| 040 | _cEscola São Tomás de Aquino | ||
| 100 | _aMACHADO, Ana Maria | ||
| 240 | 1 | 0 |
_aDoroteia, a centopeia _lpor |
| 245 | 1 | 0 | _aDoroteia, a centopeia |
| 300 | _a29 | ||
| 362 | 0 | _a2011 | |
| 440 | 1 | _aSalamandra | |
| 697 | _a*LITERATURA INFANTO | ||
| 942 | _cBK | ||
| 999 |
_c147731 _d147731 |
||